[Event "AUT-ch Vor4 Internet"]
[Site "Playchess.com INT"]
[Date "2020.04.25"]
[Round "3"]
[White "Kwech, Gregor"]
[Black "Karner, Sylvia"]
[Result "1-0"]
[WhiteElo "1064"]
[BlackElo "1707"]
[PlyCount "81"]
[EventDate "2020.04.25"]
[EventType "swiss (blitz)"]
[EventRounds "9"]
[EventCountry "AUT"]
[SourceTitle "EXT 2021"]
[Source "ChessBase"]
[SourceDate "2020.10.23"]
[SourceVersion "1"]
[SourceVersionDate "2020.10.23"]
[SourceQuality "1"]

1. c4 Nf6 2. Nc3 e6 3. d3 d5 4. cxd5 Nxd5 5. g3 Bb4 6. Bd2 b6 7. Bg2 Bb7 8. Nf3 0-0 9. 0-0 c5 10. a3 Bxc3 11. Bxc3 Nxc3 12. bxc3 Nd7 13. e3 Qc7 14. d4 Rac8 15. Rc1 Rfd8 16. Re1 Nf6 17. Nd2 Bxg2 18. Kxg2 Qc6+ 19. Kg1 Ne4 20. Nxe4 Qxe4 21. Re2 Rd5 22. Qc2 Qg4 23. Ree1 Rh5 24. Re2 cxd4 25. Rd1 Rxc3 26. Rxd4 Qxd4 27. exd4 Rxc2 28. Rxc2 g6 29. Rc8+ Kg7 30. Rc7 Rd5 31. Rxa7 Rxd4 32. Ra6 Rd3 33. a4 Ra3 34. Kg2 b5 35. axb5 Rb3 36. Rb6 e5 37. Rb8 e4 38. b6 Rb2 39. b7 e3 40. Re8 exf2 41. b8Q 1-0

[Event "AUT-ch Vor4 Internet"]
[Site "Playchess.com INT"]
[Date "2020.04.25"]
[Round "2"]
[White "Mayrhuber, Nikola"]
[Black "Kwech, Gregor"]
[Result "1-0"]
[WhiteElo "2025"]
[BlackElo "1064"]
[PlyCount "69"]
[EventDate "2020.04.25"]
[EventType "swiss (blitz)"]
[EventRounds "9"]
[EventCountry "AUT"]
[SourceTitle "EXT 2021"]
[Source "ChessBase"]
[SourceDate "2020.10.23"]
[SourceVersion "1"]
[SourceVersionDate "2020.10.23"]
[SourceQuality "1"]

1. d4 Nf6 2. c4 g6 3. Nf3 Bg7 4. Nc3 0-0 5. e4 d6 6. Be2 Bg4 7. 0-0 Nbd7 8. Qc2 c5 9. d5 Ne5 10. Nxe5 Bxe2 11. Qxe2 dxe5 12. f4 exf4 13. Bxf4 b6 14. e5 Nd7 15. Rae1 f6 16. e6 Nb8 17. a4 f5 18. Nb5 Na6 19. h4 Rc8 20. h5 Nc7 21. Nxa7 Ra8 22. Nc6 Qe8 23. b3 Bd4+ 24. Be3 Bxe3+ 25. Qxe3 Kg7 26. h6+ Kg8 27. Qe5 Rf6 28. Qxc7 Kf8 29. Qg3 Kg8 30. Ne5 Kf8 31. Nd7+ Kg8 32. Nxf6+ exf6 33. d6 Rd8 34. Rxf5 Qe7 35. dxe7 1-0

[Event "AUT-ch Vor3 Internet"]
[Site "Playchess.com INT"]
[Date "2020.04.17"]
[Round "2"]
[White "Grosse, Manfred"]
[Black "Kwech, Gregor"]
[Result "1-0"]
[WhiteElo "1860"]
[BlackElo "1064"]
[PlyCount "127"]
[EventDate "2020.04.17"]
[EventType "swiss (blitz)"]
[EventRounds "9"]
[EventCountry "AUT"]
[SourceTitle "CBM 195 Extra"]
[Source "ChessBase"]
[SourceDate "2020.05.31"]
[SourceVersion "1"]
[SourceVersionDate "2020.05.31"]
[SourceQuality "1"]

1. d4 Nf6 2. c4 g6 3. Nc3 Bg7 4. e4 d6 5. Bd3 0-0 6. Nge2 b6 7. f3 Bb7 8. Be3 Nbd7 9. Qd2 c5 10. d5 e6 11. 0-0-0 Re8 12. dxe6 fxe6 13. Bg5 Qc7 14. h4 Ne5 15. Qf4 Nxd3+ 16. Rxd3 Rf8 17. Qxd6 Qxd6 18. Rxd6 Ne8 19. Rxe6 Nf6 20. Rd1 Rac8 21. Re7 Rf7 22. Rxf7 Kxf7 23. Bxf6 Kxf6 24. Nd5+ Bxd5 25. Rxd5 Ke7 26. Kc2 a6 27. a4 Bf6 28. h5 Rd8 29. Rxd8 Kxd8 30. hxg6 hxg6 31. Nf4 g5 32. Nd5 Be5 33. Nxb6 Bc7 34. Nd5 Be5 35. b3 Kd7 36. Kd3 Kd6 37. Ke3 Bd4+ 38. Kd3 Be5 39. Ne3 Bd4 40. Nf5+ Ke5 41. Nxd4 cxd4 42. g3 a5 43. c5 g4 44. f4+ Ke6 45. Kxd4 Kd7 46. Kc4 Kc6 47. b4 axb4 48. Kxb4 Kb7 49. Kb5 Ka7 50. c6 Kb8 51. Kb6 Kc8 52. a5 Kb8 53. a6 Ka8 54. Kc7 Ka7 55. Kd7 Kb6 56. c7 Kxa6 57. c8Q+ Kb6 58. Qc6+ Ka5 59. Qb7 Ka4 60. Kc6 Ka3 61. Kc5 Ka2 62. Kc4 Ka1 63. Kc3 Ka2 64. Qb2# 1-0

[Event "AUT-ch Vor3 Internet"]
[Site "Playchess.com INT"]
[Date "2020.04.17"]
[Round "7"]
[White "Hoelzl, Bernhard"]
[Black "Kwech, Gregor"]
[Result "1-0"]
[WhiteElo "1392"]
[BlackElo "1064"]
[PlyCount "67"]
[EventDate "2020.04.17"]
[EventType "swiss (blitz)"]
[EventRounds "9"]
[EventCountry "AUT"]
[SourceTitle "CBM 195 Extra"]
[Source "ChessBase"]
[SourceDate "2020.05.31"]
[SourceVersion "1"]
[SourceVersionDate "2020.05.31"]
[SourceQuality "1"]

1. d4 Nf6 2. Nf3 g6 3. Bg5 Bg7 4. e3 0-0 5. Bd3 d6 6. 0-0 Bg4 7. Nbd2 Nbd7 8. c4 c5 9. Qc2 Rc8 10. b3 a6 11. a4 h6 12. Bh4 g5 13. Bg3 Bxf3 14. Nxf3 Re8 15. Rad1 b6 16. dxc5 Nxc5 17. Nd4 h5 18. h3 h4 19. Bh2 Nxd3 20. Rxd3 e6 21. Rfd1 d5 22. Qd2 dxc4 23. bxc4 Rxc4 24. Nxe6 Qe7 25. Nxg5 Rxa4 26. Bd6 Qe6 27. Nxe6 Rxe6 28. Bc7 Ne4 29. Rd8+ Kh7 30. Qc2 Re5 31. Bxe5 Bxe5 32. Re8 Bg7 33. Rxe4 Rxe4 34. Qxe4+ 1-0

[Event "AUT-ch Vor2 Internet"]
[Site "Playchess.com INT"]
[Date "2020.04.13"]
[Round "1"]
[White "Neuschmied, Siegfried"]
[Black "Kwech, Gregor"]
[Result "1-0"]
[WhiteElo "2268"]
[BlackElo "1064"]
[PlyCount "75"]
[EventDate "2020.04.13"]
[EventType "swiss (blitz)"]
[EventRounds "9"]
[EventCountry "AUT"]
[SourceTitle "CBM 195 Extra"]
[Source "ChessBase"]
[SourceDate "2020.05.31"]
[SourceVersion "1"]
[SourceVersionDate "2020.05.31"]
[SourceQuality "1"]

1. e4 c5 2. Nf3 d6 3. Bb5+ Nc6 4. 0-0 Nf6 5. Re1 g6 6. c3 Bg7 7. h3 0-0 8. d4 cxd4 9. cxd4 Bd7 10. Nc3 a6 11. Bf1 e6 12. Bg5 h6 13. Be3 Rc8 14. Qd2 d5 15. e5 Nh7 16. Bxh6 Ne7 17. Bxg7 Kxg7 18. g4 b5 19. Bg2 a5 20. Ne2 b4 21. Rac1 f5 22. Rxc8 Qxc8 23. Rc1 Qb7 24. g5 Rc8 25. Nf4 Nxg5 26. Nxg5 Ng8 27. Ngxe6+ Bxe6 28. Nxe6+ Kf7 29. Nf4 Rxc1+ 30. Qxc1 Ne7 31. Qc5 a4 32. Nxd5 Nxd5 33. Bxd5+ Qxd5 34. Qxd5+ Ke7 35. Qd6+ Ke8 36. e6 g5 37. Qd7+ Kf8 38. Qf7# 1-0